000 00878nam a2200217 a 4500
008 120416s1971 ||||||||||||||||| || u
020 _a0240507118
050 _aTA 365 Man
100 _aMan§kovskiæi, V. S. (Viktor Stepanovich)
245 1 0 _aAcoustics of studies and auditoria
_cedited and introduced by Christopher Gilford
260 _aLondon
_bFocal Press
_c1971
300 _a(iv), 395p. : ill.
350 _a0.00
490 _aLibrary of image and sound technology
500 _aTranslation of Akustika studiæi i zalov dlëiìa zvukovosproizvedeniëiìa. -Bibliography: p. 387-391.
650 _aACOUSTICS
650 _aACOUSTICAL ENGINEERING
650 _aTEXTBOOKS
700 _aGilford, Christopher
995 _D0.00
_FCBU-MAIN LIBRARY (Kitwe)
_H1
_I5.00
_M1
_UAVAILABLE
_ZAnnex Low-Usage Collection
999 _c33417
_d33417